Normal view
MARC view
- ENGINE PERFORMANCE-AUTOMOBILES AUTOMOBILES MOTORS MAINTENANCE AND REPAIR AUTOMOBILES-
Entry Topical Term
001 - CONTROL NUMBER
- control field: 77410
003 - CONTROL NUMBER IDENTIFIER
- control field: NUST
005 - DATE AND TIME OF LATEST TRANSACTION
- control field: 20210628205906.0
008 - FIXED-LENGTH DATA ELEMENTS
- fixed length control field: 210628|| aca||aabn | a|a d
040 ## - CATALOGING SOURCE
- Original cataloging agency: NUST
- Transcribing agency: NUST
150 ## - HEADING--TOPICAL TERM
- Topical term or geographic name entry element: ENGINE PERFORMANCE-AUTOMOBILES AUTOMOBILES MOTORS MAINTENANCE AND REPAIR AUTOMOBILES-
670 ## - SOURCE DATA FOUND
- Source citation: Work cat.: (NUST): Crouse, William.H Anglin, Donald.L 63398, Automotive tuneup and engine performance includes advanced engine performance, 1996
